| 000 | 01715cam a2200481 a 4500 | ||
|---|---|---|---|
| 001 | 21685 | ||
| 003 | VRT | ||
| 005 | 20260309091534.0 | ||
| 008 | 240226s2001 xo a jr 000 p slo | ||
| 015 | _aSNBA2002/09-02878 | ||
| 020 | _a8088984173 | ||
| 035 | _aSNK000389188 | ||
| 035 | _aurn:nbn:sk:snk-am3iigt | ||
| 035 | _a7D1019EB-FDED-4DB6-9330-BD19E47D6D90 | ||
| 035 | _aurn:nbn:sk:snk-am00eki2 | ||
| 039 | 9 |
_a202402262033 _bVLOAD _c202312151429 _dAUTHORITY _c202312151415 _dAUTHORITY _c202106231708 _dVLOAD |
|
| 040 |
_aSNK _bslo _cSNK _eAACR2 |
||
| 041 | 0 | _aslo | |
| 044 |
_axo _cSK |
||
| 072 | 7 |
_a821.162.4-1 _xSlovenská poézia _2konspekt |
|
| 072 | 7 |
_a821-93 _xLiteratúra pre deti a mládež (beletria) _2konspekt |
|
| 080 |
_a885.4-1(087.5) _21981 |
||
| 080 |
_a821.162.4-1 _22011 |
||
| 080 |
_a82-1-053.2 _22011 |
||
| 080 |
_a82-93-053.4/.5 _22011 |
||
| 080 |
_a(0.025.2) _22011 |
||
| 100 | 1 |
_aMoravčíková, Z. _4aut |
|
| 245 | 1 | 0 |
_aSny vianočného stromčeka _c[ilustrácie: F. Kuhn, R. Mazal ; text: Z. Moravčíková] |
| 250 | _a2. vyd. | ||
| 260 |
_aBratislava _bEurounion _c2001 |
||
| 300 |
_a[20] nečíslovaných strán _bfarebné ilustrácie _c24 cm |
||
| 500 | _aÚdaj o ilustrátoroch a texte prevzatý z obalu | ||
| 655 | 7 |
_aslovenská poézia _2SNKPH |
|
| 655 | 7 |
_aliteratúra pre deti _2SNKPH |
|
| 655 | 7 |
_apoézia pre deti _2SNKPH |
|
| 655 | 7 |
_aleporelá _2SNKPH |
|
| 700 | 1 |
_aMazal, R. _4ill |
|
| 700 | 1 |
_aKuhn, Felicitas, _d1926-2022 _4ill |
|
| 910 | _asnk | ||
| 942 |
_2ddc _cKLDE _n0 |
||
| 949 |
_617A0345023 _9P60, <03>, [BOOK], {603} _asnkSC 108093 _bsnkKSP 6069/2002 _s6100:20201026 |
||
| 949 |
_617A0345024 _9P60, <04>, [BOOK], {604} _asnkSC 108093 D1 _bsnkKSP 6070/2002 |
||
| 999 |
_c21685 _d21685 |
||